00603 2200217 4500001002100000005001500021035002000036008004100056245007800097100002400175250001000199260004000209300003500249084001800284082001100302650001700313020001800330700001500348990001100363990001100374INLIS00000000001179920220616021610 a0010-0622000309220616 a 0 ind 1 aAku Anak Saleh :bBelajar Wudhu /cDewanti Nurcahyani; editor, Arliansyah aDEWANTI, Nurcahyani acet.1 aJakarta :bCerdas Interaktif,c2019 a9 hal. :bilus. ;c14 x 20 cm. a297.411 DEW a a297411 4aISLAM. WUDHU a97897978868510 aARLIANSYAH a7686 a a7686 b